000 02060nam0a2200349 4500
001 RU\NLR\BIBL_A\012005807
005 20190516135754.0
010 _a978-5-377-14574-5
_d3000 экз.
021 _aRU
_bКН-П-19-026022
_9КН-П-19-1971
035 _a(NLR Aleph) 012005807
035 _a(RuMoRGB)009944058
090 _a11427431
_c11427431
100 _a20190507d2020 u y0rusy50 ca
101 0 _arus
_aeng
102 _aRU
105 _ay z 000 y
200 1 _aГрамматика английского языка. 3 класс. Ч. 1
_eсборник упражнений : к учебнику И. Н. Верещагиной и др. "Английский язык: III класс. 2-й год обучения" (М. : Просвещение)
_fЕ. А. Барашкова
205 _aИзд. 18-е, перераб. и доп.
210 _aМосква
_cЭкзамен
_d2020
215 _d24 см
225 2 _aУчебно-методический комплект
_eУМК. English
225 2 _aФГОС
300 _aФактическая дата выхода в свет - 2019
606 _aФилологические науки. Художественная литература -- Языкознание -- Индоевропейские языки -- Германские языки -- Западногерманские языки -- Английский язык -- Преподавание и методика изучения языка -- Учебники и учебные пособия по отдельным аспектам языка -- Учебники и пособия по грамматике, орфографии и пунктуации -- Грамматика -- Учебные пособия для начальной школы
_2rubbk
686 _aШ143.21-932.201
_2rubbk
700 1 _aБарашкова
_bЕ. А.
_gЕлена Александровна
801 0 _aRU
_bRuMoRGB
_c20190411
_grcr
801 1 _aRU
_bRuMoRGB
_c20190411
942 _cBOOK
980 _aNBR
980 _aNB